Sphere or Not? Quiz Stats

 Plays Quiz Updated Oct 13, 2017

Also try: Balls!!
Challenge
Share
Tweet
Embed
Score 0/20 Timer 03:00
12 Plays Today
Question Answer Wrong Answers
Basketball Sphere
98.9%
Not a Sphere
1%
Volleyball Sphere
98.5%
Not a Sphere
0.7%
Tennis Sphere
97.2%
Not a Sphere
0.3%
Archery Not a Sphere
97.1%
Sphere
1%
Bowling Sphere
96.9%
Not a Sphere
1.1%
Skiing Not a Sphere
96.8%
Sphere
0.6%
Golf Sphere
96.3%
Not a Sphere
0.9%
American Football Not a Sphere
95.7%
Sphere
3.3%
Fencing Not a Sphere
95.5%
Sphere
1.3%
Badminton Not a Sphere
95.1%
Sphere
3%
Soccer/Football Sphere
93.2%
Not a Sphere
6.8%
Ice Hockey Not a Sphere
92.2%
Sphere
5.1%
Water Polo Sphere
92%
Not a Sphere
5.9%
Ultimate Not a Sphere
91.7%
Sphere
6.1%
Rugby Not a Sphere
90.2%
Sphere
9.5%
Cricket Sphere
89.7%
Not a Sphere
7.9%
Curling Not a Sphere
87.5%
Sphere
10.9%
Australian Football Not a Sphere
83.2%
Sphere
13.9%
Field Hockey Sphere
80.9%
Not a Sphere
16.7%
Jai Alai Sphere
54.8%
Not a Sphere
42.1%

You're not logged in!

Compare scores with friends on all Sporcle quizzes.
OR
Log In

You Might Also Like...

Show Comments

Extras

Top Quizzes Today


Score Distribution

Your Account Isn't Verified!

In order to create a playlist on Sporcle, you need to verify the email address you used during registration. Go to your Sporcle Settings to finish the process.

Report this User

Report this user for behavior that violates our Community Guidelines.

Details: